Personnage en image Kung fu panda - Statistiques

Statistiques générales
  • Ce quiz a été pris 102 fois
  • Le résultat moyen est 11 sur 21
Statistiques - réponses
Par images Réponse % Correct
Po
100%
Tigresse
99%
Maitre Shifu
92%
Singe
92%
Grue
85%
Vipère
83%
Mante
76%
Taï Lung
69%
Maître Croc
65%
Grand Maitre Oogway
61%
Kai
58%
Shen, le paon
55%
M. Ping
33%
le caméléon
32%
Maître Boeuf Ravageur
28%
Guerrier Gorille
27%
Chef Loup
26%
La Divinatrice
15%
Zeng
11%
Zhen
8%
Vachir
5%
Aucun quiz correspondant
Distribution des résultats
% des personnes avec chaque résultat
Percentile par nombre de réponses
Votre historique - résultats
Vous n’avez pas pris ce quiz